Регионална библиотека "Любен Каравелов" - Русе

Харем (Запис номер 82120)

MARC детайли
000 -Лидер
Контролно поле с фиксирана дължина 01473nam a2200361 c 4500
003 - Код на организацията, давaща контролен номер
Контролно поле BLK
005 - Дата и час на последна редакция
Контролно поле 20250714125716.0
008 - Елементи от данни с фиксирана дължина
fixed length control field 180408b bul|||||r ||||||| ||bul||
010 ## - Наследен системен номер
LC control number KNG00086640000
020 ## - Международен стандартен номер на книга ISBN
Международен стандартен номер на книга ISBN 978-954-330-152-2
040 ## - Източник на каталожния запис
Идентификатор на билиотеката - собственик на записа BLK
041 ## - Код за език
Код за езика на текст/звукозапис или на отделно заглавие Български
Код за езика КДБФ Български
080 ## - УДК
Текстов определител УДК Английска литература
УДК код - определител по УДК 821.111
УДК определител -311.6
УДК - код + определител 821.111-311.6
100 1# - Редна дума - Автор
Автор Фалконър, Колин
Авторска отговорност първи автор
R(LIN) 133435
139 ## - Редно поле
Редна дума Фалконър, Колин
Авторски знак Фал - Ф 19
245 10 - Сведения за заглавието
Заглавие Харем
Подзаглавни данни Ист. роман
Редно поле (дума) * Колин Фолконър; Колин Фалконър; прев. от англ. Мария Кирова Чайлд.
257 ## - Страна на издаване
Страна на създаване/издаване Великобритания
260 ## - Област на издателските данни
Име на издателя, разпространителя и проч. Унискорп
Година на издаване 2008
300 ## - Физическа характеристика
Страници 548 с.
Размери/Мащаб 20 см
380 ## - Жанр
Жанр Худож. лит.
490 1# - СЕРИИ (Колекции)
Име на серия Поредица Избрано за вас
500 ## - Общи забележки
Забележка Ориг. загл. Sultan's Harem / Colin Falkoner. - Съдържа и за авт.
653 ## - Ключова дума – ненормативна
Ключова дума исторически романи
700 1# - Други автори (авторска отговорност)
Лично име Фолконър, Колин
Автороска отговорност (Описва отношението между автора и произведението) *
Пълна форма на името или Фолкънър, Колин ; или Боулс, Колин - английски писател
9 (RLIN) 134575
700 1# - Други автори (авторска отговорност)
Лично име Чайлд, Мария Кирова
Автороска отговорност (Описва отношението между автора и произведението) прев. от англ.
9 (RLIN) 289094
852 ## - Местоположение
Форматна сигнатура Цб 242008
856 4# - Електронен адрес и достъп
Електронен формат pdf - файл
856 4# - Електронен адрес и достъп
Електронен формат pdf - файл
999 ## - СИСТЕМНИ КОНТРОЛНИ НОМЕРА
Koha biblionumber 82120
Koha biblioitemnumber 82120
942 ## - АРТИКУЛИ
Вид на библиотечния материал Книги
Скрит в OPAC Не
Koha issues (borrowed), all copies 45
Периодичен библиозапис Да
944 ## - СЪЗДАВАНЕ И РЕДАКЦИЯ на ЗАПИСА
Създаване/Редакция Създаване
Дата на регистрацията/редакция 27.11.2008
Статус, дата на статуса Цветелина Шанова
Служител, извършил регистрацията/редакцията 30531
944 ## - СЪЗДАВАНЕ И РЕДАКЦИЯ на ЗАПИСА
Създаване/Редакция Редакция
Дата на регистрацията/редакция 20.09.2016
Статус, дата на статуса ф /
Служител, извършил регистрацията/редакцията Пенка_Димитрова
999 ## - СИСТЕМНИ КОНТРОЛНИ НОМЕРА
Koha biblioitemnumber 82120
Наличности
Код за отписване Код за изгубен артикул Източник на класификационната схема Код за повреда Коз за рестрикции Код за отдаване Артикулен № Име на библиотеката - собственик Име на библиотеката, в която се намира в момента Статус (Текущо местоположение) Дата на вписване в системата Местоположение - отдел Цена в лева Инвентарен номер Систематично азбучна сигнатура Баркод Номер на екземпляра Цена в евро Служебна бележка Служебен тип на артикула
  Не е изгубен Universal Decimal Classification Не е повреден без рестрикции заемане за дома 133275 Регионална библиотека "Любен Каравелов" Русе Регионална библиотека "Любен Каравелов" Русе Заемна - подръчен фонд 2008-11-27 Заемна - подръчен фонд 19.99 120000731697 П 821-31/Ф 19 120000731697 1 10.22 Дост: Pk Вид: Ф N: 10082 Дата: 19.11.2008 Дата инв: 15.02.2018 Бележки инв: П2018 Книги
  Не е изгубен Universal Decimal Classification Не е повреден без рестрикции заемане за дома 133276 Регионална библиотека "Любен Каравелов" Русе Регионална библиотека "Любен Каравелов" Русе Заемна - подръчен фонд 2008-12-05 Заемна - подръчен фонд 19.99 120000731934 П 821-31/Ф 19 120000731934 2 10.22 Дост: Pk Вид: Ф N: 269 Дата: 02.12.2008 Дата инв: 16.02.2018 Бележки инв: П2018 Книги
Изтеглен Не е изгубен Universal Decimal Classification Не е повреден без рестрикции заемане за дома 133277 Регионална библиотека "Любен Каравелов" Русе Регионална библиотека "Любен Каравелов" Русе Заемна - подръчен фонд 2015-12-28 Заемна - подръчен фонд 19.99 120000796300 П 820-31/Ф 19 120000796300 3 10.22 Дост: DA Вид: А N: 27 Дата: 28.12.2015 Дата инв: 15.02.2018 Бележки инв: П2018 Книги
  Не е изгубен   Не е повреден без рестрикции ползва се в читалня 133278 Регионална библиотека "Любен Каравелов" Русе Регионална библиотека "Любен Каравелов" Русе Хранилище 2016-09-20 Хранилище 19.99 120000804041 Цб 242008 120000804041 4 10.22 Дост: Dp Вид: Д N: 34 Дата: 19.07.2016 Книги
  Не е изгубен Universal Decimal Classification Не е повреден без рестрикции заемане за дома 730960 Регионална библиотека "Любен Каравелов" Русе Регионална библиотека "Любен Каравелов" Русе Заемна - подръчен фонд 2019-07-18 Заемна - подръчен фонд 20.00   П 820-31/Ф 19 120000834620   10.23   Книги
Vip Innovations Ltd, Rousse, Bulgaria 2025